Hedvig nem lesz ott a tárgyaláson

Bibliographic Details
Main Authors: Vrabec, Mária, 1970- (Author, Interviewer), Zsák Malina, Hedvig, 1983- (Author)
Format: Article
Language:Hungarian
PhysicalDescription:Fotogr.
ISSN:1335-7050
Subjects:

MARC

LEADER 00000nab a2200000 a 4500
001 vtls010882519
003 SK-MaSNL
005 20260319071257.0
008 171120c20151006xo d| | 000 0|2hun
015 |a SNBRB2015/10 
038 |a DSZK 
040 |a DSZK  |b slo  |c DSZK  |e AACR2 
041 0 |a hun 
044 |a xo  |c SK 
080 |a 343.121-051  |x (437.6)  |2 2001 
100 1 |a Vrabec, Mária,  |d 1970-  |4 ivr  |4 aut  |9 102331 
245 1 0 |a Hedvig nem lesz ott a tárgyaláson  |c Vrabec Mária, Zsák Malina Hedvig 
300 |b Fotogr. 
600 1 7 |a Malinová, Hedviga,  |d 1983-  |2 dszk  |9 117775 
650 0 7 |a rodáci  |2 snkbucl  |9 30842 
651 7 |a Dunajská Streda (Slovensko)  |2 dszk  |9 17375 
700 1 |a Zsák Malina, Hedvig,  |d 1983-  |4 ive  |4 aut  |9 1093485 
773 0 |t Új szó  |g Évf. 68, sz. 230 (2015.10.6), o. 3  |x 1335-7050 
852 |a DSZK  |b KIS3GCP 
958 |a HU 
958 |a SK 
999 |c 1805511  |d 1807441